El P. Las Casas y Vitoria: con otros temas de los siglos XVI y XVII

Gardado en:
Detalles Bibliográficos
Formato: Libro
Idioma:Lingua castelá
Publicado: Madrid Espasa-calpe 1958
Series:Colección Austral,1286
Subjects:
Tags: Engadir etiqueta
Sen Etiquetas, Sexa o primeiro en etiquetar este rexistro!

MARC

LEADER 00000nam a2200000 a 4500
001 UCO2852
003 CL-VaPUC
005 20211126074100.0
008 000608e19580000SP |||||||||||||||||spa|d
999 |c 289345  |d 289343 
040 |c Pontificia Universidad Católica de Valparaíso 
082 0 4 |a 266.0238  |b MEN  |2 21 
245 1 3 |a El P. Las Casas y Vitoria: con otros temas de los siglos XVI y XVII 
260 |a Madrid  |b Espasa-calpe  |c 1958 
300 |a 152 p 
490 0 |a Colección Austral,1286 
583 |a last modification  |c 20000608 00:00:00  |k Rodrigo Vera 
600 0 7 |a CASAS, BARTOLOME DE LAS  |2 CL-VaPUC  |9 266671 
650 0 |a Historia de América  |9 266076 
650 0 |a Colonización  |9 265172 
650 0 |a Siglos 16-17  |9 319315 
651 0 |a América  |9 255182 
942 |c BK  |2 ddc 
945 |d 20000608 00:00:00  |a rherrera 
952 |0 0  |1 0  |4 0  |6 266_023800000000000_MEN_1958  |7 0  |8 A  |9 337674  |a BIBHIS  |b BIBHIS  |d 2019-11-20  |i 1288253  |o 266.0238 MEN 1958  |p 1288253  |r 2025-01-20  |w 2019-11-20  |y BK  |k HIS 
952 |0 0  |1 0  |4 0  |6 266_023800000000000_MEN_1958  |7 0  |8 A  |9 337675  |a BIBTEO  |b BIBTEO  |d 2019-11-20  |i 2100789  |o 266.0238 MEN 1958  |p 2100789  |r 2025-01-17  |w 2019-11-20  |y BK  |k ICR